| 000 | 00836nam a22002057a 4500 | ||
|---|---|---|---|
| 005 | 20241005062522.0 | ||
| 008 | 231128b ||||| |||| 00| 0 eng d | ||
| 020 | _a9781984680761 | ||
| 082 |
_aDC 621.3 _22023 _bT413 |
||
| 100 |
_a3G E-Learning. _933638 |
||
| 245 |
_a3G handy guide : _belectrician / _c3G E-Learning. |
||
| 250 | _a2nd edition. | ||
| 260 |
_aUnited States of America : _b3G E-Learning, _c©2023. |
||
| 300 |
_avii, 181 pages : _bcolor illustrations ; _c23.5 cm. |
||
| 500 | _aIncludes references, glossary, and index. | ||
| 520 | _aElectrician: roles and responsibilities--Useful tools and equipment--Electricity safety practices--Wiring systems and types--Bonding and grounding--Climb pole. | ||
| 650 |
_aElectrical engineering _xVocational guidance. _950230 |
||
| 710 |
_a3G E-Learning. _933638 |
||
| 942 |
_2ddc _cDC |
||
| 999 |
_c18525 _d18525 |
||